000 00542nam a2200157 a 4500
008 120416s1972 ||||||||||||||||| || u
020 _a007022157x
050 _aT 353 Fre
100 _aFrench, Thomas Ewing
245 1 0 _aEngineering drawing and graphic technology
250 _a11th ed.
260 _aNew York
_bMcGraw-Hill
_c1972
300 _axii, 787p. : ill.
350 _a0.00
995 _D0.00
_FCBU-MAIN LIBRARY (Kitwe)
_H1
_I31.50
_M1
_UAVAILABLE
_ZMain Library Open Access Collection
999 _c41930
_d41930